| 000 | 01526cam a22003015a 4500 | ||
|---|---|---|---|
| 001 | E143792 | ||
| 008 | 080602s2008 xxk f 000 0 eng d | ||
| 020 | _a9780755970100 | ||
| 022 | 1 | _a0950-2254 | |
| 035 | _a(Sirsi) u143792 | ||
| 041 | 0 | _aeng | |
| 050 | 0 | 4 | _a711.1 $2 18 |
| 100 | 1 | _aMcMaster, Raymond | |
| 245 | 0 | 3 |
_aAn assessment of the value of planning agreements in Scotland _h[electronic resource] |
| 260 |
_aEdinburgh _bScottish Government Social Research _c2008 |
||
| 520 | _aDiscusses the results of a study commissioned by the Scottish government into the value of planning agreements entered into by Scottish planning authorities between 2004 and 2007. The report also examines the purpose for which such agreements are being used, the ways in which they are secured and the potential value of such agreements in the period to 2010. Concludes that the number of planning applications linked to an agreement is low but rising, and suggests that the value of contributions over the period to 2010 could be as high as £167.1m. | ||
| 521 | _aAdvanced | ||
| 590 | _aKA | ||
| 650 | 2 | 4 | _aLOCAL GOVERNMENT (SCOTLAND) ACT 1973 S69 |
| 650 | 2 | 4 | _aTOWN AND COUNTRY PLANNING (SCOTLAND) ACT 1997 S75 |
| 651 | 4 |
_aScotland _y1999- |
|
| 690 |
_aPlanning and development _96259 |
||
| 700 | 1 | _aU'ren, Graham | |
| 700 | 1 | _aCarnie, John | |
| 700 | 1 | _aCooper, Steven | |
| 856 | 4 | 0 |
_uhttps://www.scotland.gov.uk/Publications/2008/03/05114332/0 _zView the report free of charge at www.scotland.gov.uk... |
| 942 | _n0 | ||
| 999 |
_c108266 _d108266 |
||